| 000 | 00658nam a2200241 a 4500 | ||
|---|---|---|---|
| 001 | 0001-1162 | ||
| 003 | ELIB.Books | ||
| 008 | 150506 2010 eng | ||
| 020 | _a9780801038969 | ||
| 035 | _a(ELIB.Books)0001-1317 | ||
| 092 |
_a225.6 _bBea |
||
| 100 | _aBeale, G. K. | ||
| 245 |
_aHandbook on the New Testament Use of the Old Testament _bExegesis and Interpretation |
||
| 260 |
_aGrand Rapids _bBaker Academic _c2012 |
||
| 300 |
_a173 _c23 Cm |
||
| 500 | _aC/o Moe Lwei | ||
| 650 | _aOld Testamet | ||
| 856 |
_nKBTS: Library _uKBTS: Elib |
||
| 942 |
_2ddc _cBK |
||
| 990 | _a1 | ||
| 998 |
_cbat _e2015-05-06 |
||
| 999 |
_c11162 _d11162 |
||